| 000 | 01201cad a22002175a 4500 | ||
|---|---|---|---|
| 001 | L154778 | ||
| 008 | 120118e20120118 d f s i000 0 eng d | ||
| 035 | _a(Sirsi) u154778 | ||
| 041 | 0 | _aeng | |
| 110 | 2 |
_aEurostat _91416 |
|
| 245 | 0 | 0 |
_aConstruction output up by 0.8% in euro area _h[electronic resource] |
| 260 | _c2012 | ||
| 490 | 0 |
_aEurostat News Release _v(10/2012) 18 January 2012 |
|
| 520 | _aNovember 2011 compared with October 2011; Construction output up by 0.8% in euro area; Up by 0.4% in the EU27. In the construction sector, seasonally adjusted production rose by 0.8% in the euro area (EA17) and by 0.4% in the EU27 in November 2011, compared with the previous month. In October, production fell by 1.4% in the euro area and by 0.9% in the EU27. Compared with November 2010, output in November 2011 increased by 0.2% in the euro area and by 0.7% in the EU27. | ||
| 590 | _aKA | ||
| 650 | 2 | 4 | _aEUROSTAT MONTHLY CONSTRUCTION INDEX |
| 651 | 4 | _aEurope | |
| 690 |
_aConstruction management _96230 |
||
| 856 | 4 | 0 |
_uhttps://epp.eurostat.ec.europa.eu/cache/ITY_PUBLIC/4-18012012-AP/EN/4-18012012-AP-EN.PDF _zView the item free of charge at http://epp.eurostat.ec.europa.eu |
| 942 | _n0 | ||
| 999 |
_c113145 _d113145 |
||